01519nam a22002657a 450000500170000000800410001702000180005804000070007604100080008308200200009110000260011124500310013726000380016830000280020636500530023452006560028765000170094370000320096070000290099270000300102170000300105194200120108199900190109395201410111220211007165940.0211007b ||||| |||| 00| 0 eng d a9789353450311 cAL aeng 223a338.7bBANW aAbhijit Banerjee9892 aWhat the Economy Needs Now aNew DelhibJuggernaut Booksc2019 aix,224 p.bHBc22x14 cm a2775b₹479.20c₹d₹599.00e20%f04-10-2021 aIndias economy is under threat with rising unemployment, banks in crisis, falling GDP and farmers unrest making headlines daily. In this brilliant and urgent book, the countrys most important economists, including Abhijit Banerjee, Gita Gopinath and Raghuram Rajan, bring together their proposals on how to get the country back on track. Collectively the book provides solutions to the key problems that India is currently facing labour reforms, healthcare, education and the environment while also focusing on the vital economic growth of the nation. Rigorously yet accessibly argued, What the Economy Needs Now is a timely and deeply important book. aEconomy9893 aBANERJEE (Abhijit) Ed.9894 aGOPINATH (Gita) Ed.9895 aRAJAN (Raghuram) Ed.9896 aSHARMA (Mihir S) Ed.9897 2ddccBK c216516d216516 00102ddc40708ECOaALbALd2021-10-07eBiblios Book Pointg479.00l0o338.7 BANWp074988r2021-10-07 00:00:00v599.00w2021-10-07yBK